| 000 | 00561nam a22001577a 4500 | ||
|---|---|---|---|
| 003 | OSt | ||
| 005 | 20151028151809.0 | ||
| 008 | 151028b xxu||||| |||| 00| 0 eng d | ||
| 040 | _cRUA | ||
| 082 | _aATM.Sp DYN 2003 B064 Or.1 | ||
| 100 |
_93040 _aDYNA, PONNRAK. |
||
| 245 | _aRubber processing at boeung kep rubber plantation, ការកែច្នៃជ័រកៅស៊ូតាមបច្ចេកវិទ្យាចំការកៅស៊ូបឹងកេត | ||
| 260 |
_aPhnom Penh _bRUA _c2003 |
||
| 300 |
_a61p. _bill. _c29cm. |
||
| 942 |
_2ddc _cATMSP |
||
| 999 |
_c2834 _d2834 |
||